[Event "Edmonton ch"]
[Site "Edmonton CAN"]
[Date "2011.01.20"]
[Round "2.1"]
[White "Hughey, Micah"]
[Black "Porper, Edward"]
[Result "0-1"]
[WhiteElo "2182"]
[BlackElo "2517"]
[PlyCount "154"]
[EventDate "2011.01.06"]
[EventType "k.o."]
[EventCountry "CAN"]

1. e4 d6 2. d4 Nf6 3. Nc3 e5 4. dxe5 dxe5 5. Qxd8+ Kxd8 6. Bg5 Nbd7 7. O-O-O
Bd6 8. Bc4 Ke8 9. f3 a6 10. Nge2 h6 11. Be3 b6 12. Nd5 Rb8 13. Rd2 Nxd5 14.
Bxd5 Nf6 15. Bc6+ Bd7 16. Bxd7+ Kxd7 17. Rhd1 Ke6 18. c4 b5 19. Rc2 b4 20. b3
Rhd8 21. Ng3 Bf8 22. Rcd2 Rxd2 23. Rxd2 g6 24. Kc2 h5 25. Ne2 c6 26. Nc1 Nd7
27. Nd3 f5 28. exf5+ gxf5 29. Rd1 Be7 30. Re1 Kf7 31. Bd2 Kf6 32. g3 Bd6 33. c5
Nxc5 34. Nxe5 Bxe5 35. Rxe5 Kxe5 36. Bf4+ Kd4 37. Bxb8 Ne6 38. Kd2 Ng5 39. Ba7+
c5 40. Ke2 Nf7 41. h3 Ne5 42. Bb8 Nd7 43. Bd6 Kc3 44. g4 fxg4 45. fxg4 hxg4 46.
hxg4 Kb2 47. Kd3 Kxa2 48. Kc4 a5 49. Bxc5 Nxc5 50. Kxc5 a4 51. g5 axb3 52. g6
b2 53. g7 b1=Q 54. g8=Q+ Qb3 55. Qg2+ Ka3 56. Qa8+ Qa4 57. Qh1 Qc2+ 58. Kb5
Qd3+ 59. Ka5 Qc3 60. Kb5 b3 61. Qe4 Ka2 62. Qa4+ Kb2 63. Qe4 Qc2 64. Qd4+ Kc1
65. Qe3+ Kb1 66. Qe1+ Ka2 67. Qe6 Qc3 68. Qd5 Kb1 69. Qe4+ Kc1 70. Qh1+ Kc2 71.
Qg2+ Qd2 72. Qc6+ Kb2 73. Qe4 Ka1 74. Qa8+ Kb1 75. Qh1+ Qc1 76. Qe4+ Ka2 77.
Qe2+ Qb2 0-1

[Event "Edmonton ch"]
[Site "Edmonton CAN"]
[Date "2011.01.27"]
[Round "2.2"]
[White "Porper, Edward"]
[Black "Hughey, Micah"]
[Result "1-0"]
[WhiteElo "2517"]
[BlackElo "2182"]
[PlyCount "67"]
[EventDate "2011.01.06"]
[EventType "k.o."]
[EventCountry "CAN"]

1. d4 d5 2. c4 e6 3. Nf3 c5 4. cxd5 exd5 5. g3 Nc6 6. Bg2 Nf6 7. O-O Be7 8. Nc3
O-O 9. dxc5 d4 10. Na4 Bf5 11. Bd2 Be4 12. Rc1 Qd5 13. b4 Ne5 14. Re1 Rfe8 15.
Qb3 Bxf3 16. Bxf3 Qxb3 17. axb3 Nxf3+ 18. exf3 Nd5 19. Nb2 b5 20. Ra1 Kf8 21.
Kf1 Rec8 22. Nd3 g5 23. Re4 Bf6 24. Ra6 Kg7 25. Bxg5 Bxg5 26. Re5 Ne3+ 27. fxe3
Bxe3 28. Re7 Re8 29. Rxe8 Rxe8 30. Rxa7 Bd2 31. Rd7 Bc3 32. c6 Rc8 33. c7 Kf8
34. Rd8+ 1-0

[Event "Edmonton ch"]
[Site "Edmonton CAN"]
[Date "2011.02.26"]
[Round "4.2"]
[White "Porper, Edward"]
[Black "Pechenkin, Vladimir"]
[Result "1-0"]
[WhiteElo "2517"]
[BlackElo "2392"]
[PlyCount "77"]
[EventDate "2011.01.06"]
[EventType "k.o."]
[EventCountry "CAN"]

1. d4 f5 2. Nc3 d5 3. Bf4 a6 4. e3 Nf6 5. Bd3 e6 6. Nf3 c5 7. Ne5 Nbd7 8. h3
cxd4 9. exd4 Qb6 10. Ne2 Qxb2 11. O-O Nxe5 12. Bxe5 Be7 13. c4 O-O 14. Nf4 b5
15. cxd5 Nxd5 16. Nxd5 exd5 17. Qf3 Be6 18. Rae1 Bb4 19. Re2 Qc3 20. Rc2 Qa3
21. Rc6 Bd7 22. Qxd5+ Rf7 23. Rc7 Raf8 24. Bc2 Be8 25. Bxf5 Kh8 26. Rxf7 Bxf7
27. Qe4 Bg8 28. Qg4 Rf7 29. Be6 Ra7 30. Bxg8 Kxg8 31. d5 Rf7 32. Qc8+ Bf8 33.
d6 Qd3 34. Qe6 Qd2 35. Bg3 b4 36. Re1 Bxd6 37. Bxd6 Qxf2+ 38. Kh2 h6 39. Bg3
1-0

[Event "Fall Sectional"]
[Site "Edmonton CAN"]
[Date "2010.10.22"]
[Round "1"]
[White "Belsar, Valencia"]
[Black "Porper, Edward"]
[Result "0-1"]
[WhiteElo "2250"]
[BlackElo "2519"]
[PlyCount "108"]
[EventDate "2010.10.22"]
[EventType "tourn"]
[EventRounds "5"]
[EventCountry "CAN"]

1. c4 e5 2. Nc3 Nf6 3. Nf3 Nc6 4. d3 d5 5. cxd5 Nxd5 6. e3 Be7 7. Be2 O-O 8.
O-O Be6 9. e4 Nb6 10. Be3 Bf6 11. a4 Nd4 12. Bxd4 exd4 13. Nb5 c6 14. Na3 a5
15. Nd2 Be7 16. h3 Bb4 17. Ndc4 Nd7 18. Bg4 Bxg4 19. Qxg4 Nc5 20. Qd1 f5 21. e5
f4 22. f3 Ne6 23. Rf2 Rb8 24. Re2 Re8 25. Nd6 Bxd6 26. exd6 Nc5 27. Nc4 Re3 28.
Nxe3 fxe3 29. Qc2 Qxd6 30. Qc4+ Ne6 31. f4 Rf8 32. Rf1 Rf5 33. g4 Rd5 34. f5
Ng5 35. Kg2 Nf7 36. Qb3 Qc7 37. Rc1 Qd7 38. Rec2 Qe7 39. Qxd5 cxd5 40. Rc8+ Nd8
41. R1c7 Qe8 42. Kf1 h5 43. g5 Qe5 44. Rxd8+ Kh7 45. g6+ Kh6 46. Rh8+ Kg5 47.
Rc2 Qxf5+ 48. Kg1 Qxd3 49. Rg2+ Kf6 50. Rf8+ Ke6 51. Rg8 Kd6 52. Rd8+ Kc7 53.
Rg8 e2 54. Rxg7+ Kd6 0-1

[Event "Fall Sectional"]
[Site "Edmonton CAN"]
[Date "2010.10.23"]
[Round "2"]
[White "Gardner, Robert"]
[Black "Porper, Edward"]
[Result "1/2-1/2"]
[WhiteElo "2306"]
[BlackElo "2519"]
[PlyCount "46"]
[EventDate "2010.10.22"]
[EventType "tourn"]
[EventRounds "5"]
[EventCountry "CAN"]

1. d4 e6 2. c4 Nf6 3. Nc3 Bb4 4. f3 d5 5. a3 Bd6 6. e4 c5 7. cxd5 cxd4 8. Qxd4
exd5 9. Bg5 Nc6 10. Bb5 O-O 11. Bxc6 bxc6 12. Bxf6 gxf6 13. Nge2 Qe7 14. O-O-O
Be5 15. Qd2 dxe4 16. Nxe4 Rb8 17. N2c3 Be6 18. f4 Bc7 19. Qf2 Kh8 20. Qh4 Rg8
21. Nxf6 Rg7 22. Rhe1 Qc5 23. Nfe4 Qf5 1/2-1/2

[Event "Fall Sectional"]
[Site "Edmonton CAN"]
[Date "2010.10.23"]
[Round "3"]
[White "Porper, Edward"]
[Black "MacKinnon, Keith"]
[Result "1/2-1/2"]
[WhiteElo "2519"]
[BlackElo "2337"]
[PlyCount "38"]
[EventDate "2010.10.22"]
[EventType "tourn"]
[EventRounds "5"]
[EventCountry "CAN"]

1. d4 Nf6 2. c4 e6 3. Nf3 b6 4. g3 Ba6 5. Qa4 Be7 6. Bg2 O-O 7. O-O c6 8. Bf4
b5 9. cxb5 cxb5 10. Qd1 d5 11. Bxb8 Rxb8 12. Nbd2 b4 13. Nb3 Rc8 14. Ne5 Qb6
15. Qd2 Rc7 16. Rfc1 Rfc8 17. Rxc7 Rxc7 18. Rc1 Bd6 19. Rxc7 Qxc7 1/2-1/2

[Event "Fall Sectional"]
[Site "Edmonton CAN"]
[Date "2010.10.24"]
[Round "4"]
[White "MacLeod, Damon"]
[Black "Porper, Edward"]
[Result "0-1"]
[WhiteElo "1988"]
[BlackElo "2519"]
[PlyCount "38"]
[EventDate "2010.10.22"]
[EventType "tourn"]
[EventRounds "5"]
[EventCountry "CAN"]

1. e4 Nf6 2. e5 Nd5 3. d4 d6 4. exd6 exd6 5. c4 Nb6 6. Nf3 Nc6 7. Qd3 Be7 8.
Be2 Bg4 9. Be3 Qd7 10. Nc3 O-O 11. a3 Na5 12. Nd5 Naxc4 13. Nxe7+ Qxe7 14. Ng5
f5 15. Bxg4 Nxe3 16. Qxe3 Qxe3+ 17. fxe3 fxg4 18. Ke2 Rae8 19. Kd3 d5 0-1

[Event "Alberta op"]
[Site "Calgary CAN"]
[Date "2010.10.09"]
[Round "1.1"]
[White "Bentley, Bill"]
[Black "Porper, Edward"]
[Result "0-1"]
[WhiteElo "1862"]
[BlackElo "2523"]
[PlyCount "88"]
[EventDate "2010.10.09"]
[EventType "swiss"]
[EventRounds "6"]
[EventCountry "CAN"]

1. d4 e6 2. Nf3 f5 3. g3 Nf6 4. Bg2 Be7 5. O-O O-O 6. c4 Ne4 7. b3 Bf6 8. Bb2
Nc6 9. Nbd2 d5 10. Ne5 Bd7 11. f3 Nd6 12. e4 Nf7 13. exd5 exd5 14. f4 Ne7 15.
Ba3 Be6 16. Ndf3 c6 17. Re1 Re8 18. Nxf7 Bxf7 19. Ne5 dxc4 20. bxc4 Bxe5 21.
Rxe5 Bxc4 22. Bxe7 Rxe7 23. Rxf5 Rd7 24. d5 Qb6+ 25. Kh1 Rad8 26. Qc2 Bxd5 27.
Bxd5+ Rxd5 28. Qc4 Qd4 29. Rxd5 Qxd5+ 30. Qxd5+ Rxd5 31. a4 Kf7 32. Kg2 Rd2+
33. Kg1 Ke6 34. a5 Kd6 35. Rb1 Kc7 36. Re1 c5 37. Re7+ Rd7 38. Re5 Kc6 39. g4
b5 40. axb6 axb6 41. Kf2 b5 42. f5 b4 43. Kf3 b3 44. Re1 c4 0-1

[Event "Alberta op"]
[Site "Calgary CAN"]
[Date "2010.10.09"]
[Round "2.1"]
[White "Porper, Edward"]
[Black "Karmali, Hafiz"]
[Result "1-0"]
[WhiteElo "2523"]
[BlackElo "2074"]
[PlyCount "53"]
[EventDate "2010.10.09"]
[EventType "swiss"]
[EventRounds "6"]
[EventCountry "CAN"]

1. d4 d5 2. c4 c6 3. Nf3 Nf6 4. Nc3 g6 5. cxd5 cxd5 6. Bf4 Nc6 7. e3 Bg7 8. Bd3
O-O 9. h3 b6 10. a3 Bb7 11. O-O Rc8 12. Rc1 Nh5 13. Bh2 f5 14. Nxd5 e6 15. Nf4
Nxf4 16. Bxf4 Re8 17. Qa4 a6 18. b4 e5 19. Qb3+ Kf8 20. Ng5 Qd7 21. Nxh7+ Ke7
22. Bg5+ Kd6 23. b5 axb5 24. Bxb5 exd4 25. exd4 Bxd4 26. Nf6 Qg7 27. Qd5+ 1-0

[Event "Alberta op"]
[Site "Calgary CAN"]
[Date "2010.10.10"]
[Round "3.1"]
[White "Yam, Alex"]
[Black "Porper, Edward"]
[Result "0-1"]
[WhiteElo "2237"]
[BlackElo "2523"]
[PlyCount "60"]
[EventDate "2010.10.09"]
[EventType "swiss"]
[EventRounds "6"]
[EventCountry "CAN"]

1. e4 e6 2. d3 c5 3. Nf3 Nc6 4. g3 g6 5. Bg2 Bg7 6. c3 e5 7. Be3 d6 8. O-O Nge7
9. d4 exd4 10. cxd4 Bg4 11. d5 Bxb2 12. Nbd2 Na5 13. Rb1 Bg7 14. h3 Bd7 15. e5
O-O 16. Ne4 Bf5 17. exd6 Nc8 18. Nfd2 b6 19. Bg5 f6 20. Bf4 g5 21. Be3 Nxd6 22.
g4 Bg6 23. Nxd6 Qxd6 24. f4 Rae8 25. Qf3 Bxb1 26. Rxb1 f5 27. Kh1 fxg4 28. hxg4
Qh6+ 29. Bh3 gxf4 30. Bf2 Re3 0-1

[Event "Alberta op"]
[Site "Calgary CAN"]
[Date "2010.10.10"]
[Round "4.1"]
[White "Porper, Edward"]
[Black "Neven, Knut"]
[Result "1-0"]
[WhiteElo "2523"]
[BlackElo "2244"]
[PlyCount "113"]
[EventDate "2010.10.09"]
[EventType "swiss"]
[EventRounds "6"]
[EventCountry "CAN"]

1. d4 Nf6 2. Bg5 g6 3. Bxf6 exf6 4. e3 d5 5. Bd3 Bd6 6. Nd2 c6 7. Ne2 O-O 8. c4
b6 9. Qc2 Bb7 10. c5 Be7 11. Nb3 Nd7 12. O-O f5 13. a4 bxc5 14. Nxc5 Nxc5 15.
dxc5 a5 16. Ra3 Bf6 17. Rb3 Ba6 18. Rb6 Qc8 19. Nd4 Bxd4 20. exd4 Bxd3 21. Qxd3
Rb8 22. Qc3 Rxb6 23. cxb6 Qb7 24. Qxa5 Rb8 25. Rb1 Qxb6 26. Qxb6 Rxb6 27. b4
Kf8 28. Kf1 Ke7 29. Ke2 Kd6 30. Kd3 Rb8 31. Rb2 Ra8 32. a5 Kd7 33. Re2 Kd6 34.
Kc3 Kd7 35. Kb3 Kd6 36. Ka4 f4 37. h4 h6 38. f3 f6 39. Re1 Kd7 40. b5 cxb5+ 41.
Kxb5 Kd6 42. a6 Rb8+ 43. Ka5 Rb2 44. a7 Ra2+ 45. Kb6 Rb2+ 46. Ka6 Ra2+ 47. Kb7
Rb2+ 48. Ka8 g5 49. h5 Rxg2 50. Rb1 Kc7 51. Rb7+ Kc8 52. Rb5 g4 53. Rc5+ Kd7
54. Kb7 Ra2 55. fxg4 f3 56. a8=Q Rxa8 57. Kxa8 1-0

[Event "Alberta op"]
[Site "Calgary CAN"]
[Date "2010.10.11"]
[Round "5.1"]
[White "Yearwood, Roy"]
[Black "Porper, Edward"]
[Result "1/2-1/2"]
[WhiteElo "2144"]
[BlackElo "2523"]
[PlyCount "27"]
[EventDate "2010.10.09"]
[EventType "swiss"]
[EventRounds "6"]
[EventCountry "CAN"]

1. e4 e6 2. d4 d5 3. exd5 exd5 4. Bd3 Nc6 5. c3 Bd6 6. Qf3 Nge7 7. Ne2 Be6 8.
Bf4 Ng6 9. Bxd6 Qxd6 10. Qg3 O-O-O 11. Nd2 Nce7 12. O-O Qxg3 13. fxg3 Rhe8 14.
Nb3 1/2-1/2

[Event "Alberta op"]
[Site "Calgary CAN"]
[Date "2010.10.11"]
[Round "6.1"]
[White "Porper, Edward"]
[Black "MacKinnon, Keith"]
[Result "1/2-1/2"]
[WhiteElo "2523"]
[BlackElo "2318"]
[PlyCount "73"]
[EventDate "2010.10.09"]
[EventType "swiss"]
[EventRounds "6"]
[EventCountry "CAN"]

1. d4 Nf6 2. c4 e6 3. Nf3 b6 4. g3 Ba6 5. Qa4 Bb7 6. Bg2 c5 7. dxc5 Bxc5 8. O-O
O-O 9. Nc3 d5 10. cxd5 Nxd5 11. Nxd5 Bxd5 12. Bf4 Qd7 13. Qc2 f6 14. Rad1 Qc6
15. Qb1 Nd7 16. b4 Be7 17. Nd4 Qb7 18. e4 Bc4 19. e5 Bd5 20. Bxd5 exd5 21. e6
Ne5 22. Rfe1 Nc6 23. Nxc6 Qxc6 24. b5 Qb7 25. Rd2 Rfd8 26. Red1 Qc8 27. Re2 Qc4
28. Rc2 Qe4 29. Rc7 Qxb1 30. Rxb1 Bc5 31. Kg2 Re8 32. Re1 a6 33. Rxc5 bxc5 34.
b6 Re7 35. Bd6 Rb7 36. Bxc5 Rc8 37. Be3 1/2-1/2

[Event "Edmonton int."]
[Site "Edmonton CAN"]
[Date "2010.07.28"]
[Round "1"]
[White "Van Heirzeele, Daniel"]
[Black "Porper, Edward"]
[Result "1/2-1/2"]
[WhiteElo "2120"]
[BlackElo "2441"]
[PlyCount "49"]
[EventDate "2010.07.28"]
[EventType "tourn"]
[EventRounds "9"]
[EventCountry "CAN"]

1. d4 e6 2. c4 f5 3. g3 Nf6 4. Bg2 Be7 5. Nf3 O-O 6. O-O Ne4 7. Nbd2 Bf6 8. b3
Nc6 9. Bb2 d5 10. e3 Bd7 11. Ne1 Be8 12. Nd3 Bf7 13. f3 Nxd2 14. Qxd2 a5 15. a4
Ne7 16. Rad1 Be8 17. Qc2 Bc6 18. Nc5 Qc8 19. e4 dxe4 20. fxe4 b6 21. Nxe6 Qxe6
22. d5 Qd6 23. dxc6 Qc5+ 24. Kh1 Bxb2 25. Qxb2 1/2-1/2

[Event "Edmonton int."]
[Site "Edmonton CAN"]
[Date "2010.07.29"]
[Round "2"]
[White "Porper, Edward"]
[Black "Kekelidze, Mikheil"]
[Result "1/2-1/2"]
[WhiteElo "2441"]
[BlackElo "2487"]
[PlyCount "192"]
[EventDate "2010.07.28"]
[EventType "tourn"]
[EventRounds "9"]
[EventCountry "CAN"]

1. d4 Nf6 2. c4 c5 3. d5 g6 4. Nc3 d6 5. e4 Bg7 6. h3 O-O 7. Bd3 e6 8. Nf3 exd5
9. cxd5 b5 10. O-O a6 11. a3 Re8 12. Re1 Ra7 13. Be3 Rc7 14. Rc1 Bb7 15. Bf4
Nh5 16. Bg5 Bf6 17. Be3 Nd7 18. Qd2 Ne5 19. Be2 Ng7 20. Nh2 h5 21. f4 Nd7 22.
Bf3 Nb6 23. b3 Rce7 24. Bf2 c4 25. b4 Bxc3 26. Qxc3 Na4 27. Qd4 Rc7 28. Nf1 Bc8
29. Bd1 f5 30. Bxa4 bxa4 31. e5 dxe5 32. fxe5 Bb7 33. Red1 f4 34. Qxf4 Rf7 35.
Qg3 h4 36. Qxh4 Qxh4 37. Bxh4 Rxe5 38. Rxc4 Rxd5 39. Rxd5 Bxd5 40. Rc5 Bb7 41.
Bg3 Ne6 42. Re5 Nd4 43. Re8+ Rf8 44. Rxf8+ Kxf8 45. Be5 Nc2 46. Bb2 Kf7 47. Kf2
Ke6 48. g4 Kd5 49. Nd2 Bc8 50. Kg3 Nd4 51. h4 Ne6 52. h5 gxh5 53. gxh5 Ng5 54.
h6 Be6 55. Nf3 Nh7 56. Kf4 Kd6 57. Ne5 Ba2 58. Ke4 Bb1+ 59. Kd4 Bf5 60. Nc4+
Kc6 61. Ke5 Bd3 62. Na5+ Kb5 63. Kd5 Bf1 64. Kd4 Bh3 65. Bc3 Bf5 66. Nb7 Bg6
67. Nc5 Bc2 68. Bd2 Nf8 69. Bg5 Nh7 70. Be7 Bb1 71. Ke5 a5 72. bxa5 Kxa5 73.
Ne4 Kb6 74. Nc3 Bc2 75. Kd6 Bb3 76. Bd8+ Kb7 77. Kc5 Kc8 78. Bh4 Kd7 79. Kb4
Ke6 80. Nxa4 Bc2 81. Be1 Kf7 82. Nc5 Kg6 83. Bd2 Nf6 84. Nb3 Ng4 85. a4 Nxh6
86. Bxh6 Kxh6 87. a5 Bd3 88. Nd4 Kg6 89. Nb5 Kf6 90. a6 Ke7 91. Kc5 Kd7 92. a7
Be4 93. Kb6 Bh1 94. Nc7 Bg2 95. Na6 Ba8 96. Nb8+ Kd6 1/2-1/2

[Event "Edmonton int."]
[Site "Edmonton CAN"]
[Date "2010.07.29"]
[Round "3"]
[White "Haessel, Dale"]
[Black "Porper, Edward"]
[Result "0-1"]
[WhiteElo "2243"]
[BlackElo "2441"]
[PlyCount "84"]
[EventDate "2010.07.28"]
[EventType "tourn"]
[EventRounds "9"]
[EventCountry "CAN"]

1. d4 e6 2. Nf3 f5 3. g3 Nf6 4. Bg2 d5 5. c4 c6 6. O-O Bd6 7. b3 Qe7 8. a4 O-O
9. Ba3 Bxa3 10. Nxa3 b6 11. Ne5 Bb7 12. Nd3 Na6 13. Qd2 Rad8 14. Qb2 Rfe8 15.
b4 Nb8 16. Rfd1 Nbd7 17. b5 c5 18. cxd5 exd5 19. e3 c4 20. Nb4 Ne4 21. Re1 Rc8
22. Rac1 Ndf6 23. Nb1 h5 24. Bh3 g6 25. f3 Nd6 26. Nc3 Kg7 27. Bg2 h4 28. g4
fxg4 29. fxg4 Nde4 30. Nxe4 Nxe4 31. Na2 Rf8 32. Nc3 Nf2 33. Qxf2 Rxf2 34. Kxf2
h3 35. Bf3 Rf8 36. Rg1 Qd6 37. Rg3 Qa3 38. Rgg1 Bc8 39. Nxd5 Bxg4 40. Rxg4 Qxc1
41. Nf4 Rxf4 42. Rxf4 c3 0-1

[Event "Edmonton int."]
[Site "Edmonton CAN"]
[Date "2010.07.30"]
[Round "4"]
[White "Porper, Edward"]
[Black "Langer, Mikhail"]
[Result "1-0"]
[WhiteElo "2441"]
[BlackElo "2280"]
[PlyCount "121"]
[EventDate "2010.07.28"]
[EventType "tourn"]
[EventRounds "9"]
[EventCountry "CAN"]

1. d4 Nf6 2. c4 c5 3. d5 e6 4. Nc3 exd5 5. cxd5 d6 6. e4 g6 7. h3 Bg7 8. Nf3
O-O 9. Bd3 b5 10. O-O a6 11. a3 Nbd7 12. Bf4 Nb6 13. Rc1 Bb7 14. Qd2 Rc8 15.
Bg5 Re8 16. Rfe1 Qc7 17. Nh2 Nbd7 18. b4 Qb8 19. Nf3 cxb4 20. axb4 Nb6 21. Na2
Nc4 22. Bxc4 Rxc4 23. Rxc4 bxc4 24. Qc2 Qc7 25. Nc3 Nd7 26. Bf4 Nb6 27. Qd2 Qe7
28. Be3 Nd7 29. Bd4 Bxd4 30. Qxd4 Qf6 31. Qxf6 Nxf6 32. Re3 Nd7 33. g4 Bc8 34.
Na4 Nf6 35. Nd2 Bd7 36. Nb6 Bb5 37. f3 Rb8 38. Nbxc4 Bxc4 39. Nxc4 Rxb4 40.
Nxd6 a5 41. Rc3 Rb8 42. Ra3 Ra8 43. Nc4 a4 44. Nb6 Ra6 45. Nxa4 Nd7 46. Ra2 Ne5
47. Kg2 g5 48. Nc3 Rf6 49. Rf2 Nd3 50. Rf1 Rb6 51. Rb1 Nf4+ 52. Kg3 Ra6 53. h4
h6 54. hxg5 hxg5 55. Rb2 Rh6 56. Rh2 Rb6 57. Ne2 Rb2 58. Nxf4 gxf4+ 59. Kh3 Rb3
60. Rf2 f6 61. g5 1-0

[Event "Edmonton int."]
[Site "Edmonton CAN"]
[Date "2010.07.31"]
[Round "6"]
[White "Gardner, Robert"]
[Black "Porper, Edward"]
[Result "1/2-1/2"]
[WhiteElo "2151"]
[BlackElo "2441"]
[PlyCount "133"]
[EventDate "2010.07.28"]
[EventType "tourn"]
[EventRounds "9"]
[EventCountry "CAN"]

1. f4 c5 2. Nf3 Nc6 3. e4 g6 4. Be2 Bg7 5. c3 e6 6. d3 Nge7 7. Be3 b6 8. a4 Bb7
9. Na3 d5 10. e5 d4 11. Nb5 Nf5 12. Bf2 a6 13. g4 axb5 14. gxf5 exf5 15. axb5
Ne7 16. c4 O-O 17. O-O Qc7 18. b4 f6 19. bxc5 bxc5 20. exf6 Rxf6 21. Rxa8+ Bxa8
22. Qa4 Bb7 23. Ne5 Rf8 24. b6 Qxb6 25. Nd7 Qb2 26. Nxc5 Ba8 27. Re1 Qb6 28.
Qb5 Qd6 29. Bf1 Bh6 30. Ne6 Rc8 31. Bg2 Bxg2 32. Kxg2 Qc6+ 33. Qxc6 Nxc6 34.
Kf3 Re8 35. Re2 Nb4 36. Bxd4 Nxd3 37. Re3 Nb4 38. Bc3 Nc6 39. c5 Kf7 40. Nd4
Rxe3+ 41. Kxe3 Nxd4 42. Bxd4 Ke6 43. Be5 Kd5 44. Bd6 Bg7 45. Kf3 Bd4 46. h3
Bxc5 47. Bc7 Kd4 48. Ba5 Kd3 49. Be1 Bd4 50. Bh4 Kd2 51. Bg3 Kd1 52. Bh4 Bc5
53. Bg3 Be7 54. Bf2 h5 55. Bg3 h4 56. Bf2 Bd8 57. Bc5 Ke1 58. Bd4 Kf1 59. Bc5
Ba5 60. Bd4 Be1 61. Bc5 Bg3 62. Bd4 Bh2 63. Bf6 Bg3 64. Bd4 Bxf4 65. Kxf4 Kg2
66. Bf6 Kxh3 67. Bg5 1/2-1/2

[Event "Edmonton int."]
[Site "Edmonton CAN"]
[Date "2010.08.01"]
[Round "7"]
[White "Porper, Edward"]
[Black "Panchanathan, Magesh"]
[Result "1/2-1/2"]
[WhiteElo "2441"]
[BlackElo "2533"]
[PlyCount "115"]
[EventDate "2010.07.28"]
[EventType "tourn"]
[EventRounds "9"]
[EventCountry "CAN"]

1. d4 Nf6 2. c4 e6 3. Nf3 Bb4+ 4. Bd2 Qe7 5. g3 Nc6 6. Nc3 Bxc3 7. Bxc3 Ne4 8.
Rc1 O-O 9. Bg2 d6 10. O-O Nxc3 11. Rxc3 e5 12. d5 Nb8 13. Ne1 a5 14. f4 exf4
15. gxf4 Bg4 16. Qd4 Nd7 17. e4 f5 18. Rg3 Rae8 19. Nc2 Nf6 20. h3 Be2 21. Rf2
Bh5 22. exf5 Bf7 23. Re3 Qd7 24. Re6 Bxe6 25. fxe6 Qe7 26. Bf3 Kh8 27. Rg2 Rb8
28. Be2 Ng8 29. Ne3 Qf6 30. Qxf6 Rxf6 31. f5 g6 32. Bd3 gxf5 33. Nxf5 Re8 34.
Bc2 b5 35. cxb5 Ne7 36. Ne3 Rf3 37. Nc4 Rf4 38. Ne3 Rg8 39. b3 Rd4 40. Rxg8+
Kxg8 41. Nc4 Nxd5 42. a4 h6 43. Nxa5 Nb4 44. Bg6 Kf8 45. Nc4 Ke7 46. Bf7 d5 47.
b6 cxb6 48. Nxb6 Rd1+ 49. Kf2 d4 50. Nc8+ Kf6 51. Bh5 Nd3+ 52. Ke2 Rc1 53. Kxd3
Rxc8 54. Kxd4 Rb8 55. Kc4 Kxe6 56. Bf3 Rf8 57. Bb7 Kd6 58. b4 1/2-1/2

[Event "Edmonton int."]
[Site "Edmonton CAN"]
[Date "2010.08.02"]
[Round "9"]
[White "Porper, Edward"]
[Black "Pechenkin, Vladimir"]
[Result "1-0"]
[WhiteElo "2441"]
[BlackElo "2345"]
[PlyCount "71"]
[EventDate "2010.07.28"]
[EventType "tourn"]
[EventRounds "9"]
[EventCountry "CAN"]

1. d4 f5 2. Nc3 d5 3. Bf4 c6 4. e3 Nf6 5. Bd3 g6 6. Nf3 Bg7 7. Ne5 Be6 8. Ne2
Nbd7 9. O-O O-O 10. b3 Bf7 11. c4 e6 12. Rc1 Nxe5 13. Bxe5 Nd7 14. Bxg7 Kxg7
15. cxd5 cxd5 16. Rc3 Rc8 17. Qc2 Nb6 18. Rc1 Qd7 19. Rc5 Rfd8 20. a4 a6 21. a5
Rxc5 22. dxc5 Na8 23. Qc3+ Kg8 24. c6 Qc7 25. Nd4 Rb8 26. b4 b5 27. Nf3 Rd8 28.
Ne5 Be8 29. Qd4 Qd6 30. f4 Nc7 31. Kf2 h6 32. Ke2 Kh7 33. g4 Qe7 34. Rg1 Qd6
35. h4 Bxc6 36. gxf5 1-0

[Event "Calgary int."]
[Site "Calgary CAN"]
[Date "2010.05.21"]
[Round "2.1"]
[White "Porper, Edward"]
[Black "Mikhalevski, Victor"]
[Result "1/2-1/2"]
[WhiteElo "2431"]
[BlackElo "2614"]
[PlyCount "140"]
[EventDate "2010.05.20"]
[EventType "swiss"]
[EventRounds "9"]
[EventCountry "CAN"]

1. d4 Nf6 2. c4 e6 3. Nf3 d5 4. Nc3 Bb4 5. Bg5 Nbd7 6. cxd5 exd5 7. e3 c5 8.
Bxf6 Nxf6 9. Qa4+ Bd7 10. Bb5 Qa5 11. Bxd7+ Nxd7 12. Qxa5 Bxa5 13. Ke2 Bxc3 14.
bxc3 Rc8 15. Rhc1 Ke7 16. Rab1 Rc7 17. dxc5 Nxc5 18. c4 dxc4 19. Rxc4 Rhc8 20.
Nd4 Ne6 21. Rxc7+ Rxc7 22. Nxe6 Kxe6 23. Kd3 b6 24. Rb4 Rc5 25. h4 b5 26. a4
bxa4 27. Rxa4 a5 28. e4 h5 29. f4 Kd6 30. Kd4 Rb5 31. Rc4 g6 32. g3 Rb6 33. Ra4
Rb5 34. Rc4 Rb6 35. Ra4 Ra6 36. Kc4 Rc6+ 37. Kd4 Rc5 38. Ra3 Kc6 39. Ra2 Kb6
40. Ra1 Rb5 41. Ra3 Kc6 42. Ra2 Kd6 43. Ra4 Kc7 44. Ra2 Kd7 45. Ra4 Kd6 46. Kc4
Kc6 47. Kd4 Kb7 48. Ra2 Kb6 49. Ra3 Ka6 50. e5 Kb7 51. Rf3 Kc6 52. Rc3+ Kd7 53.
Kc4 Rb8 54. Ra3 Ra8 55. Kb5 Ke6 56. Ka4 Kf5 57. Re3 Ra7 58. Rc3 Kg4 59. Re3 Ra6
60. Kb5 Ra8 61. Ka4 Ra7 62. e6 fxe6 63. Rxe6 Kxg3 64. Rxg6+ Kxh4 65. f5 Re7 66.
f6 Re5 67. f7 Rf5 68. Rg7 Kh3 69. Rg5 Rf4+ 70. Kxa5 Rxf7 1/2-1/2

[Event "Calgary int."]
[Site "Calgary CAN"]
[Date "2010.05.21"]
[Round "3.2"]
[White "Porper, Edward"]
[Black "De Firmian, Nick"]
[Result "1/2-1/2"]
[WhiteElo "2431"]
[BlackElo "2549"]
[PlyCount "62"]
[EventDate "2010.05.20"]
[EventType "swiss"]
[EventRounds "9"]
[EventCountry "CAN"]

1. d4 Nf6 2. c4 e6 3. Nf3 c5 4. d5 exd5 5. cxd5 d6 6. Nc3 a6 7. h3 b5 8. a3 Qe7
9. g3 g6 10. Bg2 Bg7 11. O-O O-O 12. Re1 Nbd7 13. Bf4 Nb6 14. e4 Nfd7 15. e5
dxe5 16. d6 Qe6 17. Ng5 Qf6 18. Be3 Rb8 19. Nge4 Qd8 20. Nxc5 Nc4 21. b4 Ndb6
22. N3e4 Nxe3 23. Rxe3 f5 24. Nc3 e4 25. Qb3+ Kh8 26. Rd1 Be5 27. d7 Nxd7 28.
Ne6 Qe8 29. Nxf8 Nxf8 30. Qc2 Be6 31. Ne2 Rc8 1/2-1/2

[Event "Calgary int."]
[Site "Calgary CAN"]
[Date "2010.05.22"]
[Round "4.3"]
[White "Fedorowicz, John"]
[Black "Porper, Edward"]
[Result "1/2-1/2"]
[WhiteElo "2456"]
[BlackElo "2431"]
[PlyCount "76"]
[EventDate "2010.05.20"]
[EventType "swiss"]
[EventRounds "9"]
[EventCountry "CAN"]

1. e4 Nf6 2. e5 Nd5 3. d4 d6 4. c4 Nb6 5. exd6 exd6 6. Nc3 Be7 7. h3 O-O 8. Nf3
Bf6 9. Be2 Bf5 10. O-O Nc6 11. d5 Nb4 12. a3 Bxc3 13. bxc3 Na6 14. Be3 Nc5 15.
Nd4 Bg6 16. Re1 Qd7 17. Nb3 Nba4 18. Nxc5 Nxc5 19. Bg4 Qd8 20. Bxc5 dxc5 21.
Qb3 b6 22. Re3 Re8 23. Rae1 Rxe3 24. Rxe3 h5 25. Bf3 Qd6 26. Qd1 h4 27. Qe2 Kf8
28. Bh5 Bf5 29. Qf3 g6 30. Bg4 Qd7 31. Qf4 Bxg4 32. hxg4 Re8 33. Qh6+ Kg8 34.
Qxh4 Rxe3 35. fxe3 Qe8 36. Qg5 Qe4 37. Qf4 Qd3 38. Kh2 Qxc3 1/2-1/2

[Event "Calgary int."]
[Site "Calgary CAN"]
[Date "2010.05.22"]
[Round "5.3"]
[White "Torre, Eugenio"]
[Black "Porper, Edward"]
[Result "1/2-1/2"]
[WhiteElo "2506"]
[BlackElo "2465"]
[PlyCount "62"]
[EventDate "2010.05.20"]
[EventType "swiss"]
[EventRounds "9"]
[EventCountry "CAN"]

1. d4 e6 2. Nf3 f5 3. Bg5 Be7 4. Bxe7 Qxe7 5. Nbd2 Nf6 6. e3 b6 7. Bc4 Bb7 8.
O-O O-O 9. Qe2 Kh8 10. Ng5 Nc6 11. c3 Rae8 12. f4 h6 13. Ngf3 Rg8 14. Bd3 d5
15. Ne5 Nxe5 16. fxe5 Ne4 17. Kh1 Qh4 18. Rf3 Qh5 19. Raf1 g5 20. Kg1 Re7 21.
Rd1 Bc6 22. Nf1 Be8 23. Ng3 Qg6 24. Qe1 h5 25. Nxh5 g4 26. Nf4 Qh6 27. Bxe4
gxf3 28. Bxf3 Rh7 29. h3 Rhg7 30. Qf2 Bb5 31. Kh2 Re7 1/2-1/2